[Event "HUN-chT3"]
[Site "Hungary"]
[Date "1997.??.??"]
[Round "?"]
[White "Batho, Zoltan"]
[Black "Torok, Sandor"]
[Result "0-1"]
[WhiteElo "1720"]
[BlackElo "2000"]
[PlyCount "92"]
[EventDate "1997.??.??"]
[EventType "team"]
[EventRounds "13"]
[EventCountry "HUN"]
[SourceTitle "EXT 2001"]
[Source "ChessBase"]
[SourceDate "2000.11.22"]
[SourceVersion "1"]
[SourceVersionDate "2000.11.22"]
[SourceQuality "1"]

1. d4 c5 2. d5 d6 3. c4 Nf6 4. Nc3 g6 5. e4 Bg7 6. Bd3 0-0 7. Nge2 e6 8. 0-0 exd5 9. exd5 a6 10. a4 Nbd7 11. Bg5 Qc7 12. f4 Re8 13. h3 Rb8 14. Qc2 b5 15. axb5 axb5 16. b3 bxc4 17. bxc4 Rb4 18. Nb5 Rxb5 19. cxb5 Nxd5 20. Rae1 Ne3 21. Qb3 c4 22. Bxc4 Nxc4 23. Ng3 Rxe1 24. Rxe1 h6 25. Re8+ Kh7 26. Bd8 Qc5+ 27. Kh2 Bb7 28. Qd3 Qxb5 29. Re7 Nc5 30. Qe2 Bd5 31. f5 Qb2 32. Qxb2 Nxb2 33. fxg6+ Kxg6 34. Ne2 Be5+ 35. Kg1 Nc4 36. Re8 Bc6 37. Rg8+ Kh7 38. Rg4 Ne3 39. Rb4 Nxg2 40. h4 Ne3 41. Ba5 Nd5 42. Rb1 Nf6 43. Bc7 Ng4 44. Rb6 Bf3 45. Nc1 Bd4+ 46. Kf1 Nh2+ 0-1